000
00233 a2200097 4500
001
49421
100
_a
Lamb, G F
245
_a
The Spirit of Modern Addenture
260
_a
London
_b
George G Harrap & Company
_c
090
_c
31957
_d
31957
942
_a
NUST-CAE
_c
M
_c
24399
999
_c
284494
_d
284494